| 000 | 00358nam a2200145Ia 4500 | ||
|---|---|---|---|
| 005 | 20251222154412.0 | ||
| 008 | 251222s9999||||xx |||||||||||||| ||spa|| | ||
| 020 | _a8466538321 | ||
| 082 | _a615.8/A68 | ||
| 100 | _aArcas Patricio, Miguel Ángel | ||
| 245 | 0 | _aManual de Fisioterapia: | |
| 250 | _a1ra. ed. | ||
| 264 | _bEditorial Mad, S.L. | ||
| 942 | _cLIB | ||
| 999 |
_c35696 _d35696 |
||